| 000 | 01139nam a22002777a 4500 | ||
|---|---|---|---|
| 005 | 20240530110555.0 | ||
| 008 | 160808s2013 ua a g b 000 0 ara d | ||
| 017 |
_a2013/7740 _bمصر . دار الكتب المصرية |
||
| 020 | _a9789770528358 | ||
| 040 | _aEG-CaGPL | ||
| 082 | 0 | 4 |
_221 _a323.6\ _bأ ت |
| 100 | 0 | _aامانى محمد طه . | |
| 245 | 1 | 0 |
_aتربية المواطنة بين النظرية و التطبيق / _cتاليف امانى محمد طه ، فاروق جعفر عبدالحكيم . |
| 250 | _aط1. | ||
| 260 |
_aالقاهرة : _bمكتبة الانجلو المصرية ، _c2013 . |
||
| 300 |
_a263 ص : _bايض ؛ _c24 سم . |
||
| 504 | _aببليوجرافية : ص 247 - 263 | ||
| 650 | 0 | 4 | _aالمواطنة |
| 650 | 0 | 4 | _aالوطنية . |
| 650 | 0 | 4 | _aالقانون الدولى الخاص . |
| 650 | 0 | 4 | _aالحقوق السياسية . |
| 651 | 0 | 4 |
_aمصر _xتايخ _xالاحوال السياسية _yالعصر العثمانى |
| 700 | 0 |
_aفاروق جعفر عبدالحكيم _eمؤلف مشارك . |
|
| 942 |
_2ddc _cBK |
||
| 999 |
_c62540 _d62540 |
||